banner-ar

الجزيرة العربية فى عصر الرسول(صلى الله عليه وسلم) والخلفاء الراشدين / (Record no. 42549)

MARC details
000 -الفاتح
حقل البيانات ثابتة الطول 00999nam a2200265Ia 4500
008 - عناصر البيانات ثابتة الطول - معلومات عامة
حقل البيانات ثابتة الطول 140319s9999 xx 000 0 ara d
040 ## - مصدر الفهرسة
وكالة الفهرسة الأصلية GCL /
وكالة النسخ GCL
082 04 - رقم تصنيف ديوى العشرى
رقم التصنيف 953.02
رقم المادة ع ج
100 1# - المدخل الرئيسى - إسم شخصى
الإسم الشخصى سامى الصقار
245 10 - بيان العنوان
العنوان الجزيرة العربية فى عصر الرسول(صلى الله عليه وسلم) والخلفاء الراشدين /
بيان المسئوليه,etc سامى الصقار
700 1# - المدخل الاضافى - اسم شخصى
الإسم الشخصى عبدالقادر محمود عبدالله
250 ## - بيان الطبعة
بيان الطبعة الاولى
260 ## - PUBLICATION, DISTRIBUTION, ETC. (IMPRINT)
تاريخ النشر أو التوزيع 1989
300 ## - الوصف المادى
التعداد 2 مج ؛
أبعاد الوعاء 30 سم
490 ## - بيان السلسلة
عنوان السلسلة دراسات تاريخ الجزيرة العربية
رقم المجلد/ التعيين التسلسلي 3
650 04 - المدخل الاضافى بالموضوع-مصطلح موضوعى
مصطلح موضوعي شبه الجزيرة العربية
650 04 - المدخل الاضافى بالموضوع-مصطلح موضوعى
مصطلح موضوعي التاريخ الاسلامى
650 04 - المدخل الاضافى بالموضوع-مصطلح موضوعى
مصطلح موضوعي عمر بن الخطاب
650 04 - المدخل الاضافى بالموضوع-مصطلح موضوعى
مصطلح موضوعي عثمان بن عفان
650 04 - المدخل الاضافى بالموضوع-مصطلح موضوعى
مصطلح موضوعي الخلفاء الراشدون
650 04 - المدخل الاضافى بالموضوع-مصطلح موضوعى
مصطلح موضوعي على بن ابى طالب
650 04 - المدخل الاضافى بالموضوع-مصطلح موضوعى
مصطلح موضوعي ابوبكرالصديق
942 ## - عناصر المدخل الإضافي( كوها)
مصدر التصنيف او مخطط الترفيف Dewey Decimal Classification
Koha [default] item type كتاب
260 ## - PUBLICATION, DISTRIBUTION, ETC. (IMPRINT)
-- الرياض :
-- جامعة الملك سعود ،
Holdings
حالة التراجع حالة الفقد حالة تلف ليس للاعارة المكان المؤقت الموقع الحالى تاريخ الاكتساب اجمالي اﻻعارات رقم الطلب الباركود تاريخ اخر مشاهدة تاريخ تفعيل السعر نوع وعاء كوها
        مكتبة القاهرة الكبرى مكتبة القاهرة الكبرى 03/26/2014   953.02\ع ج 102800 03/26/2014 03/26/2014 كتاب
        مكتبة القاهرة الكبرى مكتبة القاهرة الكبرى 03/26/2014   953.02\ع ج 102801 03/26/2014 03/26/2014 كتاب
        مكتبة القاهرة الكبرى مكتبة القاهرة الكبرى 03/26/2014   953.02\ع ج 102802 03/26/2014 03/26/2014 كتاب
        مكتبة القاهرة الكبرى مكتبة القاهرة الكبرى 03/26/2014   953.02\ع ج 102803 03/26/2014 03/26/2014 كتاب
        مكتبة القاهرة الكبرى مكتبة القاهرة الكبرى 03/26/2014   953.02\ع ج 102804 03/26/2014 03/26/2014 كتاب

Powered By

EGPV